| 000 | 01847nam0a22002771 4500 | ||
|---|---|---|---|
| 001 | rc\3728769 | ||
| 005 | 20130115153829.2 | ||
| 021 |
_aRU _b[70-26116] |
||
| 035 | _a(NLR Aleph) 007778218 | ||
| 090 |
_a7540997 _c7540997 |
||
| 100 | _a20130115d1970 |||y0rusy50 ca | ||
| 101 | 0 | _arus | |
| 102 | _aRU | ||
| 105 | _ac z ||||| | ||
| 200 | 1 |
_aИзбранные произведения _f[Сост., подготовка текста, вступ. статья, с. 5-26, и примеч. М. Семеновой] |
|
| 210 |
_aЛенинград _cХудож. лит. Ленингр. отд-ние _d1970 |
||
| 215 |
_a631 с., 1 л. портр. _d20 |
||
| 327 | 1 | _aСодерж.: Очерки, рассказы, сцены: Владимирка и Клязьма; Письма об Осташкове; Уличные сцены; На железной дороге; Спевка; Вечер; Ненастный день; Питомка; Ночлег; Свиньи; Мертвое тело; Бабье сердце; В трущобах; Сцены в полиции; Сцены в мировом суде; Трудное время: Повесть | |
| 464 | 0 | _12001#$aВладимирка и Клязьма$aПисьма об Осташкове$aУличные сцены$aНа железной дороге$aСпевка$aВечер$aНенастный день$aПитомка$aНочлег$aСвиньи$aМертвое тело$aБабье сердце$aВ трущобах$aСцены в полиции$aСцены в мировом суде$aТрудное время$eПовесть | |
| 700 | 1 |
_aСлепцов _bВ. А. _f1836-1878 _gВасилий Алексеевич |
|
| 702 | 1 |
_aСеменова _bМ. _4220 _4080 _4212 |
|
| 801 | 0 |
_aRU _bNLR _gpsbo |
|
| 801 | 1 |
_aRU _bELAR _2rusmarc |
|
| 852 |
_aNLR _j70-3/1396 |
||
| 942 | _cBOOK | ||
| 980 | _aNB | ||